| 000 | 00790nam a22002177a 4500 | ||
|---|---|---|---|
| 999 |
_c770 _d770 |
||
| 003 | AR-CdUCM | ||
| 008 | 190225b ||||| |||| 00| 0 spa d | ||
| 040 |
_aMUNICIPALIDAD PROVINCIAL DEL CUSCO _cBIBLIOTECA MUNICIPAL DEL CUSCO |
||
| 082 |
_a985.01 / _bR937 |
||
| 100 |
_aRios Zamalloa, Jorge _92949 |
||
| 245 | _aFilosofia Wari / | ||
| 260 |
_aCusco : _bWamanpuma, _c2016. |
||
| 300 |
_a148 páginas ; _c20 cm, |
||
| 505 | _aContenido: Ubicación histórica y geográfica de los Wari -- La filosofía Wari -- Ruta cultural de los Wari -- Aya kuchu -- Chavín de Wantar -- Wamanga tierra de águilas... | ||
| 650 |
_aCultura Wari. _92950 |
||
| 650 |
_aUbicación geográfica Wari. _92951 |
||
| 650 |
_aFilosofía Wari. _92952 |
||
| 650 |
_aPerú _935 |
||
| 942 |
_2ddc _cLIBROS |
||
| 945 | _awfj | ||